Sports Quiz

Random Sports or NFL Quiz

2010 NFL: Week 5 Touchdowns Quiz Stats

 Plays Quiz not verified by Sporcle

Score 0/65 Timer 10:00
0 Plays Today
Team Player % Correct
BillsSteve Johnson
100%
BillsSteve Johnson
100%
LionsCalvin Johnson
100%
TitansChris Johnson
100%
TitansChris Johnson
100%
BillsLee Evans
95.6%
JaguarsMarcedes Lewis
93.3%
JaguarsMarcedes Lewis
93.3%
RavensRay Rice
91.1%
RavensRay Rice
91.1%
BroncosBrandon Lloyd
88.9%
BroncosBrandon Lloyd
88.9%
BuccaneersMike Williams
86.7%
CowboysRoy Williams
86.7%
LionsAlphonso Smith
84.4%
GiantsSteve Smith
84.4%
EaglesLeSean Mccoy
82.2%
49ersVernon Davis
82.2%
RavensJoe Flacco
80%
RavensWillis Mcgahee
80%
BearsMatt Forte
80%
BearsMatt Forte
80%
FalconsRoddy White
80%
CowboysMiles Austin
80%
CowboysJason Witten
80%
EaglesBrent Celek
80%
VikingsRandy Moss
80%
VikingsPercy Harvin
80%
VikingsPercy Harvin
80%
GiantsBrandon Jacobs
77.8%
GiantsHakeem Nicks
77.8%
GiantsHakeem Nicks
77.8%
49ersMichael Crabtree
77.8%
Team Player % Correct
BengalsTerrell Owens
75.6%
ChargersAntonio Gates
75.6%
RaidersMichael Bush
75.6%
JetsShonn Greene
75.6%
TitansKenny Britt
71.1%
RaidersZach Miller
71.1%
SaintsJeremy Shockey
68.9%
CardinalsLevi Brown
68.9%
ChargersMalcolm Floyd
68.9%
49ersFrank Gore
68.9%
TitansNate Washington
66.7%
ChargersMike Tolbert
66.7%
LionsBrandon Pettigrew
60%
BengalsJermaine Gresham
60%
TexansDerrick Ward
55.6%
SaintsRobert Meachem
55.6%
ColtsMike Hart
53.3%
RedskinsAnthony Armstrong
53.3%
PackersDonald Lee
48.9%
BuccaneersEarnest Graham
48.9%
BrownsPeyton Hillis
48.9%
LionsNate Burleson
46.7%
CardinalsDominique Rodgers-Cromartie
26.7%
LionsStefan Logan
17.8%
JaguarsMike Sims Walker
15.6%
CardinalsKerry Rhodes
15.6%
RaidersHiram Eugene
4.4%
RaidersTyvon Branch
4.4%
JetsDwight Lowery
4.4%
BuccaneersCody Grimm
2.2%
FalconsKroy Biermann
2.2%
EaglesQuinton Mikell
0%

You're not logged in!

Compare scores with friends on all Sporcle quizzes.
OR
Log In

Show Comments

Extras

Created Nov 18, 2010ReportNominate
Tags:NFL Quiz, 2010, player, team, touchdown, week

Top Quizzes Today


Score Distribution

Your Account Isn't Verified!

In order to create a playlist on Sporcle, you need to verify the email address you used during registration. Go to your Sporcle Settings to finish the process.

Report this User

Report this user for behavior that violates our Community Guidelines.

Details: